Beiträge zur Geologie des Blattes Heidelberg / (Record no. 77498)

MARC details
000 -LEADER
campo de control de longitud fija 00963nam a2200205 i 4500
001 - NÚMERO DE CONTROL
campo de control 77498
003 - IDENTIFICADOR DE NÚMERO DE CONTROL
campo de control ES-MaACL
005 - FECHA Y HORA DE LA ÚLTIMA TRANSACCIÓN
campo de control 20260129063019.0
007 - CAMPO FIJO DE DESCRIPCIÓN FÍSICA--INFORMACIÓN GENERAL
campo de control de longitud fija t|
008 - DATOS DE LONGITUD FIJA--INFORMACIÓN GENERAL
campo de control de longitud fija 931025q18801889gw af ||||1| ger d
100 0# - ENTRADA PRINCIPAL--NOMBRE DE PERSONA
Nombre de persona Andreae, Achilles,
Fechas asociadas al nombre 1859-1905
9 (RLIN) 21546
245 10 - MENCIÓN DEL TÍTULO
Título Beiträge zur Geologie des Blattes Heidelberg /
Mención de responsabilidad, etc. von A. Andreae und A. Osann ; mit 2 Figuren und 2 Tafeln.
260 ## - PUBLICACIÓN, DISTRIBUCIÓN, ETC.
Lugar de publicación, distribución, etc. Heidelberg :
Nombre del editor, distribuidor, etc. Carl Winter's Universitáts buchhand lung,
Fecha de publicación, distribución, etc. [188-?]
300 ## - DESCRIPCIÓN FÍSICA
Extensión [48] p. :
Otras características físicas il. ;
Dimensiones 27 cm.
490 1# - MENCIÓN DE SERIE
Mención de serie Separat-Abdruck aus den Mitteilungen der Grossh. Badischen Geologischen Landesanstalt ;
Designación de volumen o secuencia 2. Bd., 7-9
700 1# - ENTRADA AGREGADA--NOMBRE PERSONAL
Nombre de persona Osann, Alfred.
9 (RLIN) 130726
830 0# - PUNTO DE ACCESO ADICIONAL DE SERIE-TÍTULO UNIFORME
Título uniforme Separat-Abdruck aus den Mitteilungen der Grossh. Badischen Geologischen Landesanstalt ;
Designación de volumen o secuencia 2. Bd., 7-9
9 (RLIN) 231353
852 ## - LOCALIZACIÓN
Ubicación ES-MaACL
Número de control de estantería T-898-F-3
Nota libre .- Legado de Federico de Botella y de Hornos
-- .- Enc. en un vol. facticio conservando la cub. original
Holdings
Estatus retirado Estado de pérdida Estado de daño No para préstamo Colección Biblioteca de origen Biblioteca actual Ubicación en estantería Fecha de adquisición Fuente de adquisición Total de préstamos Signatura topográfica completa Código de barras Visto por última vez Precio de reemplazo Tipo de ítem Koha
        Colección de folletos Biblioteca del Ateneo de Madrid Biblioteca del Ateneo de Madrid Depósito folletos 17/01/2008     T-898-F-3 1081082 23/02/2023 23/02/2023 Folleto